Harry Potter: le Terrain de Quidditch de Poudlard - Statistiques

Statistiques générales
  • Ce quiz a été pris 40 fois
  • Le résultat moyen est 4 sur 5
Statistiques - réponses
Information Réponses % Correct
Première apparition Harry Potter à l'école des sorciers
94%
Dernière apparition Harry Potter et le Prince de Sang-Mêlé
94%
Évènements accueillis Matchs de Quidditch
91%
Emplacement Poudlard
79%
Évènement accueilli Troisième tache du tournoi
79%
Aucun quiz correspondant
Distribution des résultats
% des personnes avec chaque résultat
Percentile par nombre de réponses
Votre historique - résultats
Vous n’avez pas pris ce quiz